000 00921nam a2200193Ia 4500
999 _c44261
_d44261
001 11019
003 GE_BSU
005 20221216115513.0
008 181216s1979ge xx |||||||||||||| ||geo||
040 _cGE_BSU
041 _ageo
080 _a031=353.1 ქ-27
245 _aქართული საბჭოთა ენციკლოპედია :
_bტ. 4: ეგევსი–თუთა /
_cმთ. რედ: ირ.აბაშიძე; [და სხვ]
264 _aთბილისი :
_bმთ. სამეცნ. რედაქცია,
_c1979.
300 _a704 გვ. :
_bილ., რუკა, სქ.
_c27 სმ.
653 _aქართული საბჭოთა ენციკლოპედია ტ. 4: ეგევსი–თუთა
700 _aაბაშიძე, ირაკლი,
_eმთავარი რედაქტორი
_916453
942 _cBK
_2udc